Quiz sulla città di Verona - Statistics

Statistiche generali
  • Questo quiz è stato fatto 415 volte
  • Il punteggio medio è 11 su 22
Statistiche sulle risposte
Descrizione Risposta % Corretto
Regione nella quale è situata Verona Veneto
99%
Fiume che attraversa Verona Adige
92%
Monumento simbolo di Verona Arena di Verona
90%
Tragedia di Shakespeare che si svolge a Verona Romeo e Giulietta
90%
Squadre di calcio che giocano regolarmente in Serie A Hellas
74%
Famiglie rivali di quell'opera Capuleti
71%
Squadre di calcio che giocano regolarmente in Serie A Chievo
70%
Famiglie rivali di quell'opera Montecchi
69%
Più famose piazze di Verona Piazza delle {Erbe}
69%
Più famose piazze di Verona Piazza {Bra}
59%
Famosa zona viticola in periferia di Verona Valpolicella
47%
Costruzione veronese più famosa di questa famiglia Castel{vecchio}
46%
Comune nel quale si trova l'aeroporto Villafranca di Verona
46%
Santo patrono Zeno di Verona
45%
Piu famoso dipinto di Veronese Le nozze di {Cana}
38%
Famiglia regnante di Verona, 1262-1387 Della Scala
37%
Calcare estratto in quella zona Marmo rosso
27%
Palazzo che serve di municipio Palazzo {Barbieri}
19%
Commedia di Shakespeare che si svolge a Verona I due {gentiluomini} di Verona
16%
Verona si trova all'incroccio di queste antiche strade romane Via Postumia
14%
Verona si trova all'incroccio di queste antiche strade romane Via Claudia Augusta
10%
Verona si trova all'incroccio di queste antiche strade romane Via Gallica
7%
Nessun quiz corrispondente trovato
Distribuzione punteggi
Percentuale di utenti per punteggio
Percentile per numero di risposta
I tuoi punteggi nel tempo
Non hai fatto questo quiz